| 000 | 01391nji a22002657a 4500 | ||
|---|---|---|---|
| 005 | 20100909161739.0 | ||
| 006 | a|||||r|||||00| 0 | ||
| 007 | sd ammalaaahaa | ||
| 008 | 100830t xxu||||| |||| 00| 0 eng d | ||
| 028 |
_aN 55009 _bHis Master's Voice |
||
| 035 | _aGR-01651 | ||
| 040 |
_aSED _cSED |
||
| 100 |
_917455 _aMohd. Rafi |
||
| 245 |
_aAman / _cby Lata Mangeshkar ; music by Sannkar Jaikishan; lyrics by Hasrat Jaipuri _h[sound recording] : |
||
| 246 | _aअमन | ||
| 260 |
_aDum Dum, India _bHis Master's Voice _c1967 |
||
| 300 |
_a1 sound disc [Gramophone Recording]: _banalog, 33 1/3 rpm _c9.5 in. (MP) _fGramophone Record |
||
| 500 | _aBrief Record | ||
| 505 | _aSide-१ एसुरु एसुरु मेरा वतन है जापान (Esuru Esuru mera vatan hai Japan) (Mohd. Rafi) --Side-२ सुराहीदार गर्दन (Surrahidaar gardan) (Mohd. Rafi) | ||
| 650 |
_aClassical music _zIndia _91186 _xExcerpts |
||
| 700 |
_aJaikishan, Shankar _919262 |
||
| 700 |
_919047 _aJaipuri, Hasrat |
||
| 942 |
_2ddc _cGR |
||
| 999 |
_c44936 _d44936 |
||